[Event "9th Batavia Chess Tournament"]
[Site "Amsterdam"]
[Date "2017.02.24"]
[Round "1.1"]
[White "Leenhouts, Koen"]
[Black "Lai, Hing Ting"]
[Result "1/2-1/2"]
[BlackElo "2392"]
[WhiteElo "2487"]
[LiveChessVersion "1.4.8"]

1. d4 {[%clk 1:30:56]} Nf6 {[%clk 1:30:55]} 2. c4 {[%clk 1:31:18]} e6
{[%clk 1:31:20]} 3. Nc3 {[%clk 1:31:41]} Bb4 {[%clk 1:31:45]} 4. Qc2
{[%clk 1:32:04]} O-O {[%clk 1:32:04]} 5. Nf3 {[%clk 1:32:14]} c5 {[%clk 1:32:23]}
6. dxc5 {[%clk 1:32:32]} Na6 {[%clk 1:32:44]} 7. g3 {[%clk 1:32:55]} Nxc5
{[%clk 1:33:05]} 8. Bg2 {[%clk 1:33:16]} Nce4 {[%clk 1:33:07]} 9. O-O
{[%clk 1:33:31]} Nxc3 {[%clk 1:33:31]} 10. bxc3 {[%clk 1:33:53]} Be7
{[%clk 1:33:52]} 11. e4 {[%clk 1:34:13]} d6 {[%clk 1:34:16]} 12. e5
{[%clk 1:34:36]} dxe5 {[%clk 1:34:41]} 13. Nxe5 {[%clk 1:34:59]} Qc7
{[%clk 1:34:15]} 14. Qe2 {[%clk 1:35:21]} Nd7 {[%clk 1:32:58]} 15. Bf4
{[%clk 1:34:43]} Nxe5 {[%clk 1:33:02]} 16. Bxe5 {[%clk 1:35:04]} Bd6
{[%clk 1:33:24]} 17. Rfe1 {[%clk 1:35:28]} Rb8 {[%clk 1:18:47]} 18. Rad1
{[%clk 1:30:08]} Bxe5 {[%clk 1:15:16]} 19. Qxe5 {[%clk 1:30:29]} Qxe5
{[%clk 1:15:36]} 20. Rxe5 {[%clk 1:30:53]} b6 {[%clk 1:15:13]} 21. c5
{[%clk 1:31:06]} f6 {[%clk 1:14:05]} 22. cxb6 {[%clk 1:31:23]} axb6
{[%clk 1:14:26]} 23. Re2 {[%clk 1:28:27]} Kf7 {[%clk 1:06:47]} 24. f4
{[%clk 1:10:13]} e5 {[%clk 0:57:20]} 25. fxe5 {[%clk 1:01:31]} Bg4
{[%clk 0:55:27]} 26. e6+ {[%clk 0:59:26]} Kg6 {[%clk 0:50:18]} 27. Be4+
{[%clk 0:55:05]} f5 {[%clk 0:39:56]} 28. Rd6 {[%clk 0:54:47]} Rf6
{[%clk 0:29:20]} 29. Bd3 {[%clk 0:50:08]} Bxe2 {[%clk 0:29:37]} 30. Bxe2
{[%clk 0:50:34]} Re8 {[%clk 0:26:18]} 31. Bc4 {[%clk 0:46:47]} b5
{[%clk 0:16:29]} 32. Bd5 {[%clk 0:44:17]} f4 {[%clk 0:14:30]} 33. Rb6
{[%clk 0:38:37]} fxg3 {[%clk 0:06:10]} 34. hxg3 {[%clk 0:38:22]} Kf5
{[%clk 0:03:56]} 35. Rxb5 {[%clk 0:37:52]} Rfxe6 {[%clk 0:04:09]} 36. Bxe6+
{[%clk 0:36:03]} Kxe6 {[%clk 0:04:37]} 37. a4 {[%clk 0:29:11]} Rc8
{[%clk 0:04:32]} 38. Rb3 {[%clk 0:28:26]} Kd5 {[%clk 0:01:15]} 39. Kf2
{[%clk 0:18:27]} Rc7 {[%clk 0:01:14]} 40. a5 {[%clk 0:10:47]} Ra7
{[%clk 0:00:38]} 41. Ra3 {[%clk 0:10:00]} Ra6 {[%clk 0:17:15]} 42. Ra4
{[%clk 0:36:01]} h5 {[%clk 0:16:22]} 43. Ke3 {[%clk 0:29:01]} g5 {[%clk 0:15:00]}
44. Kd3 {[%clk 0:23:31]} Kc5 {[%clk 0:15:07]} 45. Ra1 {[%clk 0:23:16]} h4
{[%clk 0:13:09]} 46. g4 {[%clk 0:22:21]} h3 {[%clk 0:09:43]} 47. Ke4
{[%clk 0:17:03]} h2 {[%clk 0:07:05]} 48. Rh1 {[%clk 0:16:22]} Rf6
{[%clk 0:04:03]} 49. Rxh2 {[%clk 0:10:39]} Rf4+ {[%clk 0:04:32]} 50. Ke5
{[%clk 0:09:55]} Rxg4 {[%clk 0:03:33]} 51. Ra2 {[%clk 0:10:20]} Rf4
{[%clk 0:03:33]} 52. a6 {[%clk 0:09:00]} Rf8 {[%clk 0:04:02]} 53. Ke6
{[%clk 0:07:57]} Ra8 {[%clk 0:02:49]} 54. Kd7 {[%clk 0:07:49]} Kb6
{[%clk 0:01:26]} 55. c4 {[%clk 0:07:57]} g4 {[%clk 0:01:01]} 56. c5+
{[%clk 0:05:13]} Kxc5 {[%clk 0:01:25]} 57. Kc7 {[%clk 0:05:38]} Kd4
{[%clk 0:00:48]} 58. Kb7 {[%clk 0:05:13]} Rxa6 {[%clk 0:00:32]} 59. Rxa6
{[%clk 0:04:11]} Ke3 {[%clk 0:00:41]} 60. Rg6 {[%clk 0:03:32]} Kf3
{[%clk 0:00:59]} 61. Rf6+ {[%clk 0:03:22]} Ke3 {[%clk 0:00:45]} 62. Re6+
{[%clk 0:02:51]} Kf3 {[%clk 0:01:06]} 63. Kc6 {[%clk 0:03:02]} g3
{[%clk 0:01:31]} 64. Rf6+ {[%clk 0:03:19]} Ke3 {[%clk 0:01:44]} 65. Rg6
{[%clk 0:03:34]} Kf2 {[%clk 0:02:05]} 66. Rxg3 {[%clk 0:03:54]} Kxg3 1/2-1/2

[Event "9th Batavia Chess Tournament"]
[Site "Amsterdam"]
[Date "2017.02.24"]
[Round "1.3"]
[White "Lobron, Eric"]
[Black "Baron, Tal"]
[Result "1/2-1/2"]
[BlackElo "2544"]
[WhiteElo "2528"]
[LiveChessVersion "1.4.8"]

1. c4 {[%clk 1:28:52]} c5 {[%clk 1:30:47]} 2. Nc3 {[%clk 1:27:46]} g6
{[%clk 1:31:14]} 3. e3 {[%clk 1:24:12]} Nf6 {[%clk 1:31:21]} 4. d4
{[%clk 1:22:14]} cxd4 {[%clk 1:30:35]} 5. exd4 {[%clk 1:22:33]} d5
{[%clk 1:30:14]} 6. cxd5 {[%clk 1:15:27]} Nxd5 {[%clk 1:30:03]} 7. Qb3
{[%clk 1:15:29]} e6 {[%clk 1:26:29]} 8. Nf3 {[%clk 1:09:03]} Bg7 {[%clk 1:25:28]}
9. Bg5 {[%clk 1:03:08]} Qa5 {[%clk 1:21:50]} 10. Bb5+ {[%clk 0:48:48]} Bd7
{[%clk 1:12:25]} 11. Bxd7+ {[%clk 0:40:10]} Nxd7 {[%clk 1:11:34]} 12. O-O
{[%clk 0:33:20]} N7b6 {[%clk 0:55:42]} 13. Ne4 {[%clk 0:25:22]} O-O
{[%clk 0:55:53]} 14. Nc5 {[%clk 0:25:21]} Qb4 {[%clk 0:52:25]} 15. Qxb4
{[%clk 0:20:35]} Nxb4 {[%clk 0:52:53]} 16. Nxb7 {[%clk 0:20:56]} Na4
{[%clk 0:45:57]} 17. Be7 {[%clk 0:11:46]} Rfb8 {[%clk 0:45:42]} 18. Bxb4
{[%clk 0:12:10]} Rxb7 {[%clk 0:46:06]} 19. Ba3 {[%clk 0:12:35]} Nxb2
{[%clk 0:42:36]} 20. Rab1 {[%clk 0:11:40]} Rab8 {[%clk 0:43:02]} 21. Bd6
{[%clk 0:10:41]} Rd8 {[%clk 0:33:38]} 22. Ba3 {[%clk 0:10:59]} Rdb8
{[%clk 0:34:05]} 23. Bd6 {[%clk 0:06:58]} Rd8 {[%clk 0:34:31]} 24. Ba3
{[%clk 0:07:12]} 1/2-1/2

[Event "9th Batavia Chess Tournament"]
[Site "Amsterdam"]
[Date "2017.02.24"]
[Round "1.5"]
[White "Fier, Alexandr"]
[Black "Brink, Barry"]
[Result "1/2-1/2"]
[BlackElo "2309"]
[WhiteElo "2581"]
[LiveChessVersion "1.4.8"]

1. e4 {[%clk 1:30:57]} c5 {[%clk 1:30:45]} 2. Nf3 {[%clk 1:31:22]} e6
{[%clk 1:31:10]} 3. d4 {[%clk 1:31:49]} cxd4 {[%clk 1:31:34]} 4. Nxd4
{[%clk 1:32:15]} Nc6 {[%clk 1:31:51]} 5. Nc3 {[%clk 1:32:41]} Qc7
{[%clk 1:32:16]} 6. Be3 {[%clk 1:32:59]} Nf6 {[%clk 1:32:36]} 7. f4
{[%clk 1:32:54]} Bb4 {[%clk 1:31:30]} 8. Ndb5 {[%clk 1:33:19]} Qa5
{[%clk 1:31:51]} 9. e5 {[%clk 1:33:45]} Nd5 {[%clk 1:30:14]} 10. Bd2
{[%clk 1:34:08]} Nxc3 {[%clk 1:30:25]} 11. bxc3 {[%clk 1:34:34]} Bc5
{[%clk 1:26:04]} 12. c4 {[%clk 1:34:56]} Qd8 {[%clk 1:14:19]} 13. Bd3
{[%clk 1:35:19]} a6 {[%clk 1:09:54]} 14. Nd6+ {[%clk 1:25:43]} Bxd6
{[%clk 0:54:21]} 15. exd6 {[%clk 1:26:06]} Qh4+ {[%clk 0:54:06]} 16. g3
{[%clk 1:24:00]} Qf6 {[%clk 0:54:29]} 17. Be3 {[%clk 1:22:58]} b5
{[%clk 0:51:04]} 18. O-O {[%clk 1:22:30]} b4 {[%clk 0:38:51]} 19. a3
{[%clk 1:08:38]} Rb8 {[%clk 0:31:46]} 20. Be4 {[%clk 1:04:58]} Qc3
{[%clk 0:22:01]} 21. Qe2 {[%clk 1:02:19]} Bb7 {[%clk 0:19:09]} 22. axb4
{[%clk 0:59:14]} Nd4 {[%clk 0:15:21]} 23. Qd3 {[%clk 0:59:21]} Bxe4
{[%clk 0:15:32]} 24. Qxe4 {[%clk 0:59:46]} Nxc2 {[%clk 0:15:34]} 25. Ba7
{[%clk 0:53:22]} Nxa1 {[%clk 0:13:52]} 26. Bxb8 {[%clk 0:53:50]} O-O
{[%clk 0:13:06]} 27. Ba7 {[%clk 0:54:16]} Nb3 {[%clk 0:12:29]} 28. Qe3
{[%clk 0:54:33]} Qc2 {[%clk 0:06:14]} 29. c5 {[%clk 0:53:09]} Rc8
{[%clk 0:06:01]} 30. Rf2 {[%clk 0:52:53]} Qd1+ {[%clk 0:05:26]} 31. Rf1
{[%clk 0:50:17]} Qc2 {[%clk 0:05:44]} 32. f5 {[%clk 0:44:45]} Nd2
{[%clk 0:04:20]} 33. Rf2 {[%clk 0:44:31]} Qb1+ {[%clk 0:04:12]} 34. Kg2
{[%clk 0:44:56]} Ne4 {[%clk 0:04:16]} 35. fxe6 {[%clk 0:41:54]} fxe6
{[%clk 0:03:55]} 36. Rf4 {[%clk 0:41:36]} Qb2+ {[%clk 0:03:29]} 37. Kg1
{[%clk 0:41:12]} Qb1+ {[%clk 0:03:34]} 38. Rf1 {[%clk 0:40:29]} Qxb4
{[%clk 0:02:10]} 39. Qf4 {[%clk 0:36:33]} Qd4+ {[%clk 0:02:12]} 40. Kg2
{[%clk 0:34:12]} Qd2+ {[%clk 0:02:11]} 41. Qxd2 {[%clk 0:34:37]} Nxd2
{[%clk 0:02:32]} 42. Rf4 {[%clk 0:35:05]} e5 {[%clk 0:24:34]} 43. Rb4
{[%clk 1:05:18]} Kf7 {[%clk 0:24:22]} 44. Kf2 {[%clk 1:05:28]} a5
{[%clk 0:24:23]} 45. Rb7 {[%clk 1:04:41]} Ke6 {[%clk 0:23:44]} 46. Ke3
{[%clk 1:04:54]} Nf1+ {[%clk 0:22:11]} 47. Ke4 {[%clk 1:04:18]} Nxh2
{[%clk 0:21:46]} 48. Rc7 {[%clk 1:04:44]} Ra8 {[%clk 0:18:37]} 49. c6
{[%clk 1:04:17]} Ng4 {[%clk 0:17:57]} 50. Bc5 {[%clk 1:04:42]} Nf6+
{[%clk 0:17:56]} 51. Kd3 {[%clk 1:05:10]} Ra6 {[%clk 0:17:36]} 52. cxd7
{[%clk 1:05:30]} Nxd7 {[%clk 0:18:00]} 53. Ba3 {[%clk 1:05:58]} Rb6
{[%clk 0:17:21]} 54. Kc4 {[%clk 1:06:25]} a4 {[%clk 0:16:36]} 55. Bb4
{[%clk 1:06:10]} h5 {[%clk 0:15:25]} 56. Ra7 {[%clk 1:06:28]} g5 {[%clk 0:12:42]}
57. Kc3 {[%clk 1:06:54]} Rc6+ {[%clk 0:12:50]} 58. Kd3 {[%clk 1:06:58]} e4+
{[%clk 0:12:43]} 59. Kd4 {[%clk 1:07:24]} h4 {[%clk 0:08:07]} 60. gxh4
{[%clk 1:07:50]} gxh4 {[%clk 0:08:35]} 61. Ra8 {[%clk 1:07:45]} Rc4+
{[%clk 0:06:47]} 62. Kxc4 {[%clk 1:08:14]} Nb6+ {[%clk 0:07:08]} 63. Kd4
{[%clk 1:08:43]} Nxa8 {[%clk 0:07:28]} 64. Kxe4 {[%clk 1:09:11]} Nb6
{[%clk 0:07:42]} 65. Kf3 {[%clk 1:09:39]} Nc4 {[%clk 0:05:40]} 66. Kg4
{[%clk 1:09:54]} Nxd6 {[%clk 0:06:03]} 67. Kxh4 {[%clk 1:10:23]} Kd5
{[%clk 0:06:12]} 68. Kg4 {[%clk 1:10:49]} Nb5 {[%clk 0:05:49]} 69. Kf3
{[%clk 1:10:28]} Kc4 {[%clk 0:06:15]} 70. Bf8 {[%clk 1:10:47]} Nd4+
{[%clk 0:04:53]} 71. Ke3 {[%clk 1:11:13]} Nb3 {[%clk 0:05:05]} 72. Ke2
{[%clk 1:11:30]} Kc3 {[%clk 0:04:56]} 73. Kd1 {[%clk 1:11:55]} Kb2
{[%clk 0:05:02]} 74. Be7 {[%clk 1:12:19]} a3 {[%clk 0:05:19]} 75. Bxa3+
{[%clk 1:12:45]} Kxa3 {[%clk 0:05:44]} 1/2-1/2

[Event "9th Batavia Chess Tournament"]
[Site "Amsterdam"]
[Date "2017.02.25"]
[Round "2.1"]
[White "Timmermans, Mark"]
[Black "Fier, Alexandr"]
[Result "1/2-1/2"]
[BlackElo "2581"]
[WhiteElo "2415"]
[LiveChessVersion "1.4.8"]

1. e4 {[%clk 1:30:54]} c5 {[%clk 1:30:58]} 2. Nf3 {[%clk 1:31:19]} Nc6
{[%clk 1:31:24]} 3. d4 {[%clk 1:31:44]} cxd4 {[%clk 1:31:49]} 4. Nxd4
{[%clk 1:32:11]} Nf6 {[%clk 1:32:12]} 5. Nc3 {[%clk 1:32:34]} d6 {[%clk 1:32:38]}
6. f3 {[%clk 1:32:56]} Qb6 {[%clk 1:31:51]} 7. Nb3 {[%clk 1:33:11]} e6
{[%clk 1:32:13]} 8. Qe2 {[%clk 1:33:29]} a6 {[%clk 1:32:21]} 9. Be3
{[%clk 1:33:53]} Qc7 {[%clk 1:32:47]} 10. O-O-O {[%clk 1:32:40]} Be7
{[%clk 1:33:13]} 11. Kb1 {[%clk 1:31:43]} b5 {[%clk 1:32:27]} 12. g4
{[%clk 1:32:07]} Bb7 {[%clk 1:32:01]} 13. Qf2 {[%clk 1:29:11]} Nd7
{[%clk 1:32:17]} 14. h4 {[%clk 1:28:23]} Nce5 {[%clk 1:32:24]} 15. g5
{[%clk 1:22:40]} Rc8 {[%clk 1:26:49]} 16. a3 {[%clk 1:04:45]} O-O
{[%clk 1:25:02]} 17. h5 {[%clk 1:00:40]} Qb8 {[%clk 1:17:53]} 18. Bd4
{[%clk 0:54:55]} Nc6 {[%clk 1:15:03]} 19. g6 {[%clk 0:54:53]} Nxd4
{[%clk 1:14:56]} 20. Nxd4 {[%clk 0:54:53]} Rxc3 {[%clk 1:14:05]} 21. bxc3
{[%clk 0:55:01]} Nc5 {[%clk 1:14:29]} 22. Bh3 {[%clk 0:53:30]} Qc7
{[%clk 1:06:03]} 23. gxf7+ {[%clk 0:46:43]} Kxf7 {[%clk 1:06:15]} 24. Qd2
{[%clk 0:38:20]} Bf6 {[%clk 1:04:16]} 25. Rhe1 {[%clk 0:38:26]} Re8
{[%clk 1:03:00]} 26. Re3 {[%clk 0:30:39]} Kg8 {[%clk 0:44:31]} 27. Ne2
{[%clk 0:23:23]} Qa5 {[%clk 0:39:59]} 28. Qxd6 {[%clk 0:21:03]} Qxa3
{[%clk 0:39:37]} 29. Nd4 {[%clk 0:20:18]} Be5 {[%clk 0:34:46]} 30. Nxb5
{[%clk 0:19:54]} axb5 {[%clk 0:35:03]} 31. Qxe5 {[%clk 0:20:18]} Ra8
{[%clk 0:32:23]} 32. Bxe6+ {[%clk 0:20:41]} Kh8 {[%clk 0:29:00]} 33. Ba2
{[%clk 0:21:07]} Qxa2+ {[%clk 0:26:22]} 34. Kc1 {[%clk 0:21:31]} Qa1+
{[%clk 0:26:09]} 35. Kd2 {[%clk 0:21:55]} Rd8+ {[%clk 0:26:36]} 36. Rd3
{[%clk 0:22:21]} Nxd3 {[%clk 0:22:07]} 37. Qc7 {[%clk 0:22:45]} Qa8
{[%clk 0:21:51]} 38. cxd3 {[%clk 0:23:08]} Rc8 {[%clk 0:14:39]} 39. Qe5
{[%clk 0:22:56]} h6 {[%clk 0:14:06]} 40. Rg1 {[%clk 0:20:01]} Qa2+
{[%clk 0:13:57]} 41. Ke3 {[%clk 0:20:25]} Qf7 {[%clk 0:11:40]} 42. Rg6
{[%clk 0:17:37]} Kg8 {[%clk 0:09:40]} 43. f4 {[%clk 0:17:39]} Qc7
{[%clk 0:02:47]} 44. Qxb5 {[%clk 0:16:17]} Bc6 {[%clk 0:00:54]} 45. Qf5
{[%clk 0:07:26]} Be8 {[%clk 0:29:18]} 46. Rg2 {[%clk 0:33:58]} Qxc3
{[%clk 0:29:04]} 47. Qe6+ {[%clk 0:33:06]} Bf7 {[%clk 0:28:02]} 48. Qe5
{[%clk 0:32:15]} Qxe5 {[%clk 0:26:40]} 49. fxe5 {[%clk 0:32:35]} Bxh5
{[%clk 0:27:08]} 50. Rh2 {[%clk 0:31:03]} Bg6 {[%clk 0:26:48]} 51. Rb2
{[%clk 0:28:48]} Bf7 {[%clk 0:25:42]} 52. Rb6 {[%clk 0:26:56]} Re8
{[%clk 0:25:40]} 53. d4 {[%clk 0:27:16]} g6 {[%clk 0:16:45]} 54. Kf4
{[%clk 0:27:10]} Be6 {[%clk 0:11:03]} 55. d5 {[%clk 0:27:21]} g5+
{[%clk 0:11:29]} 56. Ke3 {[%clk 0:24:31]} Kf7 {[%clk 0:11:48]} 57. Rb7+
{[%clk 0:24:35]} Kg6 {[%clk 0:12:13]} 58. Rb6 {[%clk 0:24:20]} h5
{[%clk 0:11:30]} 59. dxe6 {[%clk 0:24:45]} h4 {[%clk 0:11:37]} 60. Kf3
{[%clk 0:23:26]} Kh5 {[%clk 0:11:51]} 61. Rd6 {[%clk 0:21:43]} g4+
{[%clk 0:11:20]} 62. Kg2 {[%clk 0:21:56]} Kg5 {[%clk 0:11:13]} 63. Rd7
{[%clk 0:21:58]} Rxe6 {[%clk 0:11:33]} 64. Rg7+ {[%clk 0:22:23]} Rg6
{[%clk 0:11:49]} 65. Rf7 {[%clk 0:22:26]} Kh6 {[%clk 0:09:28]} 66. Rf1
{[%clk 0:21:58]} Kg7 {[%clk 0:09:10]} 67. Rh1 {[%clk 0:22:07]} Rh6
{[%clk 0:09:27]} 68. Rf1 {[%clk 0:22:32]} Ra6 {[%clk 0:09:12]} 69. Rf4
{[%clk 0:22:46]} Ra2+ {[%clk 0:09:39]} 70. Kg1 {[%clk 0:23:08]} Ra1+
{[%clk 0:10:07]} 71. Kg2 {[%clk 0:22:56]} h3+ {[%clk 0:10:34]} 72. Kh2
{[%clk 0:23:17]} Ra2+ {[%clk 0:11:01]} 73. Kh1 {[%clk 0:23:37]} Ra1+
{[%clk 0:10:22]} 74. Kh2 {[%clk 0:24:03]} 1/2-1/2

[Event "9th Batavia Chess Tournament"]
[Site "Amsterdam"]
[Date "2017.02.25"]
[Round "2.5"]
[White "Van Foreest, Lucas"]
[Black "Lobron, Eric"]
[Result "1-0"]
[BlackElo "2528"]
[WhiteElo "2453"]
[LiveChessVersion "1.4.8"]

1. e4 {[%clk 1:30:58]} c5 {[%clk 1:27:08]} 2. Nf3 {[%clk 1:31:23]} e6
{[%clk 1:27:33]} 3. c3 {[%clk 1:31:51]} d5 {[%clk 1:27:08]} 4. exd5
{[%clk 1:31:57]} exd5 {[%clk 1:27:10]} 5. d4 {[%clk 1:31:19]} a6 {[%clk 1:26:00]}
6. Be2 {[%clk 1:31:37]} cxd4 {[%clk 1:22:41]} 7. Nxd4 {[%clk 1:31:58]} Nf6
{[%clk 1:23:03]} 8. O-O {[%clk 1:31:42]} Bd6 {[%clk 1:23:28]} 9. Nd2
{[%clk 1:29:14]} O-O {[%clk 1:22:20]} 10. N2f3 {[%clk 1:29:42]} h6
{[%clk 1:16:58]} 11. Bd3 {[%clk 1:27:20]} Nc6 {[%clk 1:11:02]} 12. h3
{[%clk 1:26:08]} Bc7 {[%clk 1:01:32]} 13. Be3 {[%clk 1:25:42]} Re8
{[%clk 1:01:25]} 14. Re1 {[%clk 1:24:06]} Qd6 {[%clk 0:56:41]} 15. Qc2
{[%clk 1:14:21]} Ne4 {[%clk 0:45:48]} 16. Nxc6 {[%clk 0:57:14]} bxc6
{[%clk 0:38:52]} 17. c4 {[%clk 0:57:24]} Bf5 {[%clk 0:23:29]} 18. Rad1
{[%clk 0:43:42]} Rad8 {[%clk 0:14:51]} 19. cxd5 {[%clk 0:40:58]} cxd5
{[%clk 0:15:18]} 20. Qa4 {[%clk 0:41:09]} Re6 {[%clk 0:11:39]} 21. Kf1
{[%clk 0:34:23]} Bg6 {[%clk 0:07:29]} 22. a3 {[%clk 0:22:55]} Rb8
{[%clk 0:04:39]} 23. Bd4 {[%clk 0:19:43]} Rbe8 {[%clk 0:02:52]} 24. Qb4
{[%clk 0:12:11]} Qd8 {[%clk 0:03:16]} 25. Qb3 {[%clk 0:09:47]} Qe7
{[%clk 0:02:57]} 26. Be3 {[%clk 0:08:50]} d4 {[%clk 0:02:27]} 27. Bxe4
{[%clk 0:06:07]} dxe3 {[%clk 0:02:20]} 28. Bxg6 {[%clk 0:06:30]} e2+
{[%clk 0:02:31]} 29. Rxe2 {[%clk 0:07:00]} Rxe2 {[%clk 0:02:54]} 30. Bd3 Rb8
{[%clk 0:02:29]} 31. Qxb8+ {[%clk 0:04:10]} Bxb8 {[%clk 0:02:58]} 32. Bxe2
{[%clk 0:04:39]} a5 {[%clk 0:02:54]} 33. Nd4 {[%clk 0:04:15]} Qf6
{[%clk 0:03:05]} 34. b4 {[%clk 0:04:06]} Ba7 {[%clk 0:02:47]} 35. Nf3
{[%clk 0:04:19]} a4 {[%clk 0:01:59]} 36. g4 {[%clk 0:00:56]} Bb6 {[%clk 0:01:33]}
37. Rd3 {[%clk 0:00:49]} g6 {[%clk 0:01:09]} 38. Bd1 {[%clk 0:00:41]} Qb2
{[%clk 0:00:43]} 39. Be2 {[%clk 0:00:47]} Kg7 {[%clk 0:00:46]} 40. Rd6
{[%clk 0:01:09]} Bc7 {[%clk 0:00:36]} 41. Rd3 {[%clk 0:00:47]} Qc2
{[%clk 0:30:26]} 42. Nd4 {[%clk 0:24:10]} Qc1+ {[%clk 0:23:33]} 43. Kg2
{[%clk 0:23:17]} Be5 {[%clk 0:21:22]} 44. Nf3 {[%clk 0:20:07]} Bb2
{[%clk 0:16:27]} 45. Rd1 {[%clk 0:15:39]} Qc6 {[%clk 0:14:04]} 46. Rd3
{[%clk 0:14:46]} Qe4 {[%clk 0:12:11]} 47. Re3 {[%clk 0:14:37]} Qc2
{[%clk 0:11:08]} 48. Bb5 {[%clk 0:13:13]} Bc1 {[%clk 0:08:54]} 49. Rd3
{[%clk 0:13:18]} Qe2 {[%clk 0:06:20]} 50. Rd5 {[%clk 0:12:07]} Qa2
{[%clk 0:05:27]} 51. Rd3 {[%clk 0:12:05]} Bxa3 {[%clk 0:04:29]} 52. Bxa4
{[%clk 0:12:13]} Bxb4 {[%clk 0:04:25]} 53. Bb3 {[%clk 0:12:23]} Qb2
{[%clk 0:03:45]} 54. Bd5 {[%clk 0:10:33]} Qc2 {[%clk 0:02:54]} 55. Rd4
{[%clk 0:10:13]} Bc5 {[%clk 0:02:30]} 56. Rd2 {[%clk 0:10:42]} Qc3
{[%clk 0:02:53]} 57. Ba2 {[%clk 0:11:10]} Kf8 {[%clk 0:01:09]} 58. Rd8+
{[%clk 0:08:37]} Ke7 {[%clk 0:01:18]} 59. Rd2 {[%clk 0:08:59]} Bb6
{[%clk 0:01:13]} 60. Re2+ {[%clk 0:09:19]} Kf8 {[%clk 0:01:42]} 61. Ne5
{[%clk 0:09:29]} Bc7 {[%clk 0:00:59]} 62. Nf3 {[%clk 0:06:48]} Bf4
{[%clk 0:00:57]} 63. Re4 {[%clk 0:06:36]} g5 {[%clk 0:00:56]} 64. Re2
{[%clk 0:06:08]} Qd3 {[%clk 0:01:09]} 65. Rb2 {[%clk 0:06:35]} Qe4
{[%clk 0:00:55]} 66. Bb1 {[%clk 0:06:59]} Qd5 {[%clk 0:01:17]} 67. Bf5
{[%clk 0:07:16]} h5 {[%clk 0:01:14]} 68. Re2 {[%clk 0:07:27]} h4 {[%clk 0:01:26]}
69. Rc2 {[%clk 0:07:04]} Qb7 {[%clk 0:01:46]} 70. Rc8+ {[%clk 0:07:11]} Ke7
{[%clk 0:02:04]} 71. Rc2 {[%clk 0:07:15]} Kf6 {[%clk 0:02:20]} 72. Ra2
{[%clk 0:07:32]} Qd5 {[%clk 0:01:40]} 73. Rc2 {[%clk 0:07:46]} Ke7
{[%clk 0:01:12]} 74. Re2+ {[%clk 0:08:14]} Kd6 {[%clk 0:01:34]} 75. Rc2
{[%clk 0:06:26]} Qd1 {[%clk 0:00:41]} 76. Rc8 {[%clk 0:06:03]} Qb3
{[%clk 0:00:44]} 77. Be4 {[%clk 0:04:34]} Qa4 {[%clk 0:00:59]} 78. Rd8+
{[%clk 0:04:27]} Ke7 {[%clk 0:01:08]} 79. Rd4 {[%clk 0:04:51]} Qa2
{[%clk 0:01:04]} 80. Bd5 {[%clk 0:05:06]} Qa5 {[%clk 0:01:20]} 81. Be4
{[%clk 0:04:50]} Qa2 {[%clk 0:00:58]} 82. Bf5 {[%clk 0:03:51]} Kf6
{[%clk 0:01:14]} 83. Kf1 {[%clk 0:02:39]} Qb2 {[%clk 0:00:56]} 84. Rd3
{[%clk 0:02:41]} Bc7 {[%clk 0:00:45]} 85. Nd2 {[%clk 0:02:53]} Bb6
{[%clk 0:00:34]} 86. Kg2 {[%clk 0:01:47]} Kg7 {[%clk 0:00:37]} 87. Ne4
{[%clk 0:02:15]} Qc1 {[%clk 0:00:37]} 88. Rc3 {[%clk 0:01:44]} Qb2
{[%clk 0:00:33]} 89. Rf3 {[%clk 0:01:35]} Bd8 {[%clk 0:00:51]} 90. Nd6
{[%clk 0:01:57]} Qe5 {[%clk 0:00:56]} 91. Nc4 {[%clk 0:02:18]} Qd5
{[%clk 0:00:55]} 92. Ne3 {[%clk 0:02:36]} Qc6 {[%clk 0:00:48]} 93. Bd3
{[%clk 0:03:02]} Bc7 {[%clk 0:00:55]} 94. Bc4 {[%clk 0:03:10]} Bf4
{[%clk 0:01:13]} 95. Bd5 {[%clk 0:03:38]} Qc5 {[%clk 0:01:16]} 96. Nf5+
{[%clk 0:04:06]} Kg6 {[%clk 0:00:59]} 97. Rd3 {[%clk 0:04:13]} Kf6
{[%clk 0:01:12]} 98. Bf3 {[%clk 0:04:11]} Bc7 {[%clk 0:01:12]} 99. Rd2
{[%clk 0:03:44]} Qc1 {[%clk 0:01:25]} 100. Ra2 {[%clk 0:03:45]} Qc4
{[%clk 0:01:33]} 101. Ra3 {[%clk 0:04:03]} Kg6 {[%clk 0:01:25]} 102. Ra8
{[%clk 0:04:12]} Qf4 {[%clk 0:01:11]} 103. Rh8 {[%clk 0:04:15]} Qh2+
{[%clk 0:01:23]} 104. Kf1 {[%clk 0:04:44]} Qxh3+ {[%clk 0:01:23]} 105. Ke2
{[%clk 0:05:08]} Kf6 {[%clk 0:01:39]} 106. Rh6+ {[%clk 0:04:51]} Ke5
{[%clk 0:02:07]} 107. Rc6 {[%clk 0:04:47]} Bb8 {[%clk 0:02:03]} 108. Rc5+
{[%clk 0:04:50]} Ke6 {[%clk 0:02:12]} 109. Nd4+ {[%clk 0:03:06]} Kf6
{[%clk 0:02:06]} 110. Rc6+ {[%clk 0:01:37]} Ke7 {[%clk 0:01:57]} 111. Rb6
{[%clk 0:02:01]} Be5 {[%clk 0:00:39]} 112. Nc6+ {[%clk 0:01:14]} Kd6
{[%clk 0:01:08]} 113. Rb5 {[%clk 0:01:28]} f6 {[%clk 0:00:49]} 114. Nb4
{[%clk 0:00:43]} Qh2 {[%clk 0:01:07]} 115. Nd3 {[%clk 0:00:53]} Qg1
{[%clk 0:00:53]} 116. Rd5+ {[%clk 0:01:03]} Kc7 {[%clk 0:00:31]} 117. Rc5+
{[%clk 0:00:57]} Kd6 {[%clk 0:00:59]} 118. Rc6+ {[%clk 0:01:00]} Ke7
{[%clk 0:01:23]} 119. Rc1 {[%clk 0:01:22]} Qxc1 {[%clk 0:00:34]} 120. Nxc1
{[%clk 0:01:50]} Ke6 {[%clk 0:00:59]} 121. Nd3 {[%clk 0:02:15]} f5
{[%clk 0:00:55]} 122. gxf5+ {[%clk 0:00:41]} Kxf5 {[%clk 0:01:23]} 123. Nxe5
{[%clk 0:00:33]} Kxe5 {[%clk 0:01:51]} 124. Ke3 {[%clk 0:00:47]} Kf5
{[%clk 0:01:53]} 125. Be4+ {[%clk 0:01:10]} Ke5 {[%clk 0:00:52]} 126. Bb7
{[%clk 0:01:03]} g4 {[%clk 0:00:37]} 127. Bc8 {[%clk 0:01:19]} g3
{[%clk 0:01:05]} 128. f4+ {[%clk 0:01:45]} Kd5 {[%clk 0:01:30]} 129. Bh3
{[%clk 0:02:12]} 1-0